| 000 | 00357nam a2200145Ia 4500 | ||
|---|---|---|---|
| 003 | OSt | ||
| 005 | 20240112165531.0 | ||
| 008 | 170524s9999 xx 000 0 und d | ||
| 020 | _a8185727953 | ||
| 040 | _cIIMT UNIVERSITY | ||
| 100 | _aMISHRA- SHIVGOPAL | ||
| 245 | 0 | _aVIGYAN PATRAKARITA KE MOOL SIDDHANT | |
| 260 | _bTAKSHILA : NEW DELHI | ||
| 942 |
_2ddc _c01 |
||
| 999 |
_c9199 _d9199 |
||